Verfassung und Recht in Übersee / Law and Politics in Africa, Asia and Latin America

محفوظ في:

التنسيق: دورية

اللغة: Undetermined

منشور في: JSTOR
Nomos Verlagsgesellschaft mbH

الموضوعات:

Law

الوصول للمادة أونلاين: Login to view Source

الوسوم: إضافة وسم

لا توجد وسوم, كن أول من يضع وسما على هذه التسجيلة!

رقم الطلب:

LEADER 00681nas a2200205Ia 4500
008 220214c99999999xx |||||||||||| ||und||
022 |a 0506-7286 
245 0 0 |a Verfassung und Recht in Übersee / Law and Politics in Africa, Asia and Latin America 
264 1 |b JSTOR 
264 1 |b Nomos Verlagsgesellschaft mbH 
362 0 |a Vol. 1(1968)-50 (2017) 
653 1 0 |a Development Studies 
653 1 0 |a International Relations 
653 1 0 |a Law 
653 1 0 |a Political Science 
653 1 0 |a Social Sciences 
856 4 0 |u https://www.jstor.org/journal/verfrechuber 
942 |c JL 
952 |0 0  |1 0  |4 0  |7 1  |9 37578  |a JSR  |b JSR  |d 2022-02-14  |l 0  |r 2022-02-14 00:00:00  |w 2022-02-14  |y JL 
999 |c 45909  |d 45909